| 000 | 00496nam a2200169Ia 4500 | ||
|---|---|---|---|
| 008 | 151213s9999 xx 000 0 und d | ||
| 020 | _a978-81-317-1000-5 | ||
| 100 | _aJohn G. Proakis, Dimitries G. Manolakis | ||
| 245 |
_aDigital Signal Processing _cJohn G. Proakis, Dimitries G. Manolakis |
||
| 250 | _a4th | ||
| 260 |
_aIndia _bPearson Prentic Hall _c2007 |
||
| 300 | _a7372 p. | ||
| 650 | _aE E E | ||
| 650 | _ascience | ||
| 700 | _aJohn G. Proakis, Dimitries G. Manolakis | ||
| 999 |
_c3917 _d3917 |
||